Fenomén Novohradské hory : krajina vzpomínek a zapomnění /
Uloženo v:
| Hlavní autor: | |
|---|---|
| Další autoři: | |
| Médium: | Kniha |
| Jazyk: | Czech |
| Vydáno: |
V Brně :
Nastole,
2026
|
| Vydání: | 1. vydání |
| Témata: | |
| Celkem bylo vypůjčeno: | 1x |
| Tagy: |
Žádné tagy |
| LEADER | 01700nam a2200409 i 4500 | ||
|---|---|---|---|
| 001 | 106478 | ||
| 003 | CZ PrNK | ||
| 005 | 20260604145539.0 | ||
| 007 | ta | ||
| 008 | 260513s2026 xr a e f 000 0 cze | ||
| 015 | |a cnb003758021 | ||
| 020 | |a 9788074486999 |q (vázáno) : |c Kč 429,00 | ||
| 040 | |a BOA001 |b cze |d OLA001 |e rda | ||
| 072 | 7 | |a 908(437) |x Vlastivěda Česka a Slovenska |2 Konspekt |9 8 | |
| 080 | |a 908(437.31-13) |2 MRF | ||
| 080 | |a (437.31-13) |2 MRF | ||
| 080 | |a (0.062) |2 MRF | ||
| 100 | 1 | |a Vlčková, Michaela, |d 1978- |7 jcu2016897769 |4 aut |9 117423 |4 pht | |
| 245 | 1 | 0 | |a Fenomén Novohradské hory : |b krajina vzpomínek a zapomnění / |c Michaela Vlčková, Veronika Veberová |
| 250 | |a 1. vydání | ||
| 264 | 1 | |a V Brně : |b Nastole, |c 2026 | |
| 300 | |a 147 stran : |b barevné ilustrace ; |c 24 cm | ||
| 336 | |a text |b txt |2 rdacontent | ||
| 336 | |a statický obraz |b sti |2 rdacontent | ||
| 337 | |a bez média |b n |2 rdamedia | ||
| 338 | |a svazek |b nc |2 rdacarrier | ||
| 504 | |a Obsahuje bibliografii | ||
| 651 | 7 | |a Novohradské hory (Česko a Rakousko) |7 ge130199 |x vlastivěda a dějiny |2 czenas | |
| 651 | 9 | |a Novohradské hory Mountains (Austria and Czechia) |x local history and geography |2 eczenas | |
| 655 | 7 | |a populárně-naučné publikace |7 fd131864 |2 czenas |9 102 | |
| 655 | 9 | |a popular works |2 eczenas | |
| 700 | 1 | |a Veberová, Veronika, |d 1978- |7 jx20070509010 |4 aut |9 117424 | |
| 710 | 2 | |a Nastole (nakladatelství) |7 xx0342137 |4 pbl |9 117355 | |
| 910 | |a UOG502 | ||
| 942 | |2 ddc |c KN | ||
| 999 | |d 106478 | ||
| 993 | |0 0 |1 421180107198 |2 ddc |4 0 |6 908_437000000000000 |7 0 |9 99922 |b 0 |c 107198 |d 2026-06-04 |e 1 |f DOSP |g 908.437 |h 429.00 |i Koupě |l DOSP |q 2026-07-17 |r 2026-06-05 |s 2026-06-05 |t 5 |w 2026-06-04 |y KN |z NAUCNA |n | ||